[Event "Barcelona Sant Marti op-A 23rd"]
[Site "Barcelona"]
[Date "2023.07.15"]
[Round "3"]
[White "Chirivi Castiblanco, Jenny Astrid"]
[Black "Chidvilash, Sai Surapaneni"]
[Result "1/2-1/2"]
[WhiteElo "2166"]
[BlackElo "2030"]
[PlyCount "78"]
[EventDate "2023.07.13"]
[EventType "swiss"]
[EventRounds "9"]
[EventCountry "ESP"]
[SourceTitle "CBM 215 Extra"]
[Source "ChessBase"]
[SourceDate "2023.09.30"]
[SourceVersion "1"]
[SourceVersionDate "2023.09.30"]
[SourceQuality "1"]

1. d4 Nf6 2. c4 e6 3. Nc3 Bb4 4. Qc2 d5 5. cxd5 exd5 6. Bg5 0-0 7. Nf3 c6 8. e3 h6 9. Bh4 g5 10. Bg3 Ne4 11. Nd2 Nxd2 12. Qxd2 f5 13. Be2 Nd7 14. a3 Be7 15. f3 Nf6 16. Be5 Nd7 17. Bg3 Nf6 18. 0-0-0 Be6 19. Kb1 Bd6 20. Be5 Bxe5 21. dxe5 Nd7 22. f4 Qe7 23. h3 Rad8 24. g4 Nc5 25. Qc2 gxf4 26. b4 Ne4 27. Rhg1 Nxc3+ 28. Qxc3 fxg4 29. Bxg4 Kh8 30. Qd4 f3 31. Rdf1 b6 32. Rxf3 c5 33. Qb2 Rxf3 34. Bxf3 d4 35. exd4 Bf5+ 36. Ka1 cxd4 37. Qc1 Qf8 38. Bd1 Bh7 39. Qc6 Rc8 1/2-1/2

[Event "Barcelona Sant Marti op-A 23rd"]
[Site "Barcelona"]
[Date "2023.07.14"]
[Round "2"]
[White "Chidvilash, Sai Surapaneni"]
[Black "Vinolas Anglada, Laura"]
[Result "1-0"]
[WhiteElo "2030"]
[BlackElo "1867"]
[PlyCount "125"]
[EventDate "2023.07.13"]
[EventType "swiss"]
[EventRounds "9"]
[EventCountry "ESP"]
[SourceTitle "CBM 215 Extra"]
[Source "ChessBase"]
[SourceDate "2023.09.30"]
[SourceVersion "1"]
[SourceVersionDate "2023.09.30"]
[SourceQuality "1"]

1. c4 e6 2. Nf3 d5 3. g3 Nf6 4. Bg2 Be7 5. 0-0 0-0 6. b3 c5 7. e3 Nc6 8. Bb2 dxc4 9. bxc4 Qb6 10. Qc1 Rd8 11. d4 Bd7 12. Rd1 Be8 13. Nbd2 Rac8 14. Nb3 Na5 15. Nxa5 Qxa5 16. Bc3 Qa6 17. Ne5 cxd4 18. exd4 Nd7 19. Nxd7 Bxd7 20. Bf1 Bf6 21. Qb2 b6 22. Rac1 Qa4 23. Rd2 Qc6 24. Qa3 Qc7 25. d5 Bxc3 26. d6 Qc5 27. Rxc3 b5 28. Qb2 Be8 29. Rcc2 Rxd6 30. cxb5 Rxd2 31. Rxc5 Rxb2 32. Rxc8 Kf8 33. Ra8 Ke7 34. Rxa7+ Kd6 35. a4 Rb4 36. h4 e5 37. Bh3 g6 38. Ra6+ Ke7 39. Bf1 Rb1 40. Kg2 Kd8 41. Bc4 Rb4 42. Bd5 Kc7 43. Ra8 Bd7 44. Bxf7 Bf5 45. Bd5 Kd6 46. Bc6 e4 47. a5 Rb2 48. Re8 Rb4 49. a6 Ra4 50. g4 Be6 51. Kg3 e3 52. fxe3 Rxg4+ 53. Kf2 Ra4 54. e4 Bc4 55. e5+ Kc5 56. e6 Ra2+ 57. Kg3 h6 58. e7 Ra3+ 59. Kf4 Kd6 60. Rd8+ Kxe7 61. Rd7+ Ke6 62. a7 Bxb5 63. Bxb5 1-0

[Event "Barbera del Valles op 45th"]
[Site "Barbera del Valles"]
[Date "2023.07.05"]
[Round "2"]
[White "Escalante Ramirez, Brian Sebastian"]
[Black "Chidvilash, Sai Surapaneni"]
[Result "1-0"]
[WhiteElo "2488"]
[BlackElo "2030"]
[PlyCount "85"]
[EventDate "2023.07.04"]
[EventType "swiss"]
[EventRounds "9"]
[EventCountry "ESP"]
[SourceTitle "CBM 215 Extra"]
[Source "ChessBase"]
[SourceDate "2023.09.30"]
[SourceVersion "1"]
[SourceVersionDate "2023.09.30"]
[SourceQuality "1"]

1. e4 c6 2. d4 d5 3. e5 Bf5 4. Nc3 e6 5. g4 Bg6 6. Nge2 c5 7. h4 h5 8. Nf4 Bh7 9. Nxh5 Nc6 10. dxc5 d4 11. Nb5 Bxc5 12. a3 Kf8 13. b4 Bb6 14. Bg2 d3 15. c4 Bd4 16. Bg5 f6 17. exf6 gxf6 18. Be3 Bxe3 19. fxe3 Ne5 20. Nd4 Qd7 21. 0-0 Re8 22. Nxf6 Nxf6 23. Rxf6+ Kg7 24. g5 Bg6 25. Qe1 Ng4 26. Rxg6+ Kxg6 27. Qg3 Kh5 28. Bh3 e5 29. Nf3 Qf5 30. Nh2 Qf2+ 31. Qxf2 Nxf2 32. Kxf2 Kxh4 33. Bd7 e4 34. Bxe8 Rf8+ 35. Kg1 Rxe8 36. Nf1 Kxg5 37. Nd2 Kf5 38. Rf1+ Ke5 39. Rf4 Rg8+ 40. Kf1 Rh8 41. Rxe4+ Kf5 42. Rf4+ Kg6 43. Nf3 1-0

[Event "IND-ch 59th"]
[Site "New Delhi"]
[Date "2022.12.28"]
[Round "7"]
[White "Chidvilash, Sai Surapaneni"]
[Black "Gajendra, Singh"]
[Result "1-0"]
[WhiteElo "2177"]
[BlackElo "1801"]
[PlyCount "45"]
[EventDate "2022.12.22"]
[EventType "swiss"]
[EventRounds "13"]
[EventCountry "IND"]
[SourceTitle "CBM 211 Extra"]
[Source "ChessBase"]
[SourceDate "2023.01.31"]
[SourceVersion "1"]
[SourceVersionDate "2023.01.31"]
[SourceQuality "1"]

1. c4 Nf6 2. Nc3 e5 3. Nf3 Nc6 4. e4 d6 5. d4 Bg4 6. d5 Bxf3 7. gxf3 Nd4 8. Be3 c5 9. dxc6 Nxc6 10. Qd2 Be7 11. Rg1 g6 12. 0-0-0 a6 13. f4 exf4 14. Bxf4 Ne5 15. c5 Nf3 16. Qe3 Nxg1 17. cxd6 0-0 18. dxe7 Qxe7 19. Bd6 Qe6 20. Bxf8 Rxf8 21. Bg2 b5 22. Rxg1 Rc8 23. Bh3 1-0

[Event "IND-ch 59th"]
[Site "New Delhi"]
[Date "2022.12.25"]
[Round "4"]
[White "Chidvilash, Sai Surapaneni"]
[Black "Ujjawal, Bansal"]
[Result "1/2-1/2"]
[WhiteElo "2177"]
[BlackElo "1574"]
[PlyCount "133"]
[EventDate "2022.12.22"]
[EventType "swiss"]
[EventRounds "13"]
[EventCountry "IND"]
[SourceTitle "CBM 211 Extra"]
[Source "ChessBase"]
[SourceDate "2023.01.31"]
[SourceVersion "1"]
[SourceVersionDate "2023.01.31"]
[SourceQuality "1"]

1. c4 e6 2. Nf3 d5 3. g3 Nf6 4. Bg2 Be7 5. 0-0 0-0 6. d4 dxc4 7. Qc2 b5 8. a4 Bb7 9. axb5 a6 10. bxa6 Nxa6 11. Qxc4 Bd5 12. Qd3 Nb4 13. Rxa8 Qxa8 14. Qd1 Na2 15. Ne1 c5 16. dxc5 Bxc5 17. Bxd5 Nxd5 18. Nd3 Be7 19. Bd2 Rc8 20. Qb3 Rb8 21. Qc4 Rc8 22. Qd4 Bf6 23. Qg4 Qa6 24. Qf3 Rb8 25. Bf4 Nxf4 26. Qxf4 Qb6 27. Nd2 Nb4 28. Nc4 Nxd3 29. exd3 Qb3 30. Qf3 h6 31. Qe2 Rd8 32. Rd1 Rd5 33. Kg2 Bd4 34. Rd2 Bf6 35. h4 Bd4 36. Qd1 Qb4 37. Qa1 Qb7 38. Kh2 Qb8 39. Qa6 g5 40. hxg5 hxg5 41. Kg2 Kg7 42. Re2 Qh8 43. f3 Qd8 44. Qb7 Rd7 45. Qe4 Bf6 46. Rd2 Rd4 47. Qe2 Qd5 48. Ne3 Qb7 49. Kh2 Ra4 50. Nc4 Ra1 51. Rd1 Ra2 52. Kg2 Ra4 53. Rh1 Rb4 54. Qd2 Rb3 55. Qc2 Rb5 56. g4 Qd5 57. d4 Qxd4 58. Rh7+ Kg8 59. Rh1 Qf4 60. Ne5 Rxb2 61. Qxb2 Bxe5 62. Qe2 Qg3+ 63. Kf1 Bd4 64. Qg2 Qf4 65. Qe2 Qg3 66. Qg2 Qf4 67. Qe2 1/2-1/2

[Event "Raipur Chhattisgarh"]
[Site "Raipur"]
[Date "2022.09.24"]
[Round "6"]
[White "Paichadze, Luka"]
[Black "Chidvilash, Sai Surapaneni"]
[Result "1-0"]
[WhiteElo "2560"]
[BlackElo "2000"]
[PlyCount "93"]
[EventDate "2022.09.19"]
[EventType "swiss"]
[EventRounds "10"]
[EventCountry "IND"]
[SourceTitle "CBM 210 Extra"]
[Source "ChessBase"]
[SourceDate "2022.11.30"]
[SourceVersion "1"]
[SourceVersionDate "2022.11.30"]
[SourceQuality "1"]

1. e4 c6 2. d4 d5 3. e5 Bf5 4. h4 h5 5. Bd3 Bxd3 6. Qxd3 Qa5+ 7. Nd2 e6 8. Ne2 Nd7 9. 0-0 Nh6 10. Nf3 Qb5 11. Qd1 Nf5 12. Ng3 g6 13. Nxf5 gxf5 14. b3 Be7 15. Bg5 Bxg5 16. Nxg5 Nf8 17. Rc1 Rd8 18. c4 Qb6 19. c5 Qc7 20. b4 Ng6 21. g3 Ke7 22. Rb1 b5 23. cxb6 axb6 24. Rc1 Qd7 25. Rc3 Rc8 26. Qc2 Kf8 27. Rc1 Ne7 28. Nh3 Kg7 29. Nf4 c5 30. bxc5 bxc5 31. Rxc5 Rxc5 32. Qxc5 Ng6 33. Nxg6 Kxg6 34. Qa5 Rb8 35. Rc7 Rb1+ 36. Kh2 Qe8 37. Qc3 Rb8 38. a4 Qd8 39. a5 Ra8 40. a6 Qb8 41. Qc1 f4 42. Rb7 fxg3+ 43. fxg3 Qd8 44. a7 f5 45. Qc6 Qc8 46. Qxc8 Rxc8 47. Rb8 1-0

[Event "Raipur Chhattisgarh"]
[Site "Raipur"]
[Date "2022.09.22"]
[Round "4"]
[White "Krasenkow, Michal"]
[Black "Chidvilash, Sai Surapaneni"]
[Result "1/2-1/2"]
[WhiteElo "2545"]
[BlackElo "2000"]
[PlyCount "56"]
[EventDate "2022.09.19"]
[EventType "swiss"]
[EventRounds "10"]
[EventCountry "IND"]
[SourceTitle "CBM 210 Extra"]
[Source "ChessBase"]
[SourceDate "2022.11.30"]
[SourceVersion "1"]
[SourceVersionDate "2022.11.30"]
[SourceQuality "1"]

1. d4 Nf6 2. c4 e6 3. Nf3 d5 4. Nc3 Be7 5. Bf4 c5 6. dxc5 Bxc5 7. a3 0-0 8. b4 Be7 9. cxd5 Nxd5 10. Nxd5 exd5 11. e3 a5 12. b5 Bf6 13. Be5 Bg4 14. Bxf6 Qxf6 15. Qd4 Qxd4 16. Nxd4 Nd7 17. f3 Be6 18. g4 Rac8 19. Kd2 b6 20. g5 Nc5 21. Be2 Bd7 22. h4 f5 23. Rac1 f4 24. Rhd1 Rce8 25. Rc3 Na4 26. Rb3 Nc5 27. Rc3 Na4 28. Rb3 Nc5 1/2-1/2

[Event "Bhubaneswar op-A 13th"]
[Site "Bhubaneswar"]
[Date "2022.05.23"]
[Round "2"]
[White "Chidvilash, Sai Surapaneni"]
[Black "Stupak, Kirill"]
[Result "0-1"]
[WhiteElo "1912"]
[BlackElo "2440"]
[PlyCount "84"]
[EventDate "2022.05.22"]
[EventType "swiss"]
[EventRounds "10"]
[EventCountry "IND"]
[SourceTitle "CBM 208 Extra"]
[Source "ChessBase"]
[SourceDate "2022.07.31"]
[SourceVersion "1"]
[SourceVersionDate "2022.07.31"]
[SourceQuality "1"]

1. c4 g6 2. Nc3 Bg7 3. g3 c5 4. Bg2 Nc6 5. e4 a6 6. Nge2 b5 7. d3 Rb8 8. 0-0 d6 9. h3 e6 10. f4 Nge7 11. Kh2 0-0 12. Qd2 Na5 13. Rb1 bxc4 14. d4 cxd4 15. Nxd4 Qb6 16. Rd1 Rd8 17. Nde2 Nec6 18. Qe3 Qc7 19. Bd2 Nb4 20. a3 Nc2 21. Qf2 Nb3 22. Be3 Nxe3 23. Qxe3 Qc5 24. Qf3 Bb7 25. Nc1 Bc6 26. N1a2 a5 27. Qe2 d5 28. e5 Qb6 29. h4 Nd4 30. Qf2 Nf5 31. Qxb6 Rxb6 32. Rd2 Rdb8 33. g4 Nxh4 34. Bh1 g5 35. fxg5 Bxe5+ 36. Kh3 Ng6 37. Rc2 Nf4+ 38. Kh4 Nd3 39. Nd1 Nxb2 40. Nxb2 Rxb2 41. Rbxb2 Rxb2 42. Rxb2 Bxb2 0-1

[Event "Eastern Asia-ch U14"]
[Site "Tornelo INT"]
[Date "2021.10.31"]
[Round "8"]
[White "Chidvilash, Sai Surapaneni"]
[Black "Madhav, Menon"]
[Result "1-0"]
[WhiteElo "1646"]
[BlackElo "1004"]
[PlyCount "75"]
[EventDate "2021.10.29"]
[EventType "swiss"]
[EventRounds "9"]
[EventCountry "NET"]
[SourceTitle "EXT 2023"]
[Source "ChessBase"]
[SourceDate "2022.10.05"]
[SourceVersion "1"]
[SourceVersionDate "2022.10.05"]
[SourceQuality "1"]

1. c4 e5 2. Nc3 Nf6 3. g3 g6 4. Bg2 Nc6 5. e4 Bg7 6. d3 0-0 7. Nge2 d6 8. h3 Re8 9. 0-0 Bd7 10. f4 exf4 11. Nxf4 Ne5 12. Be3 c5 13. Qd2 Bc6 14. Rae1 a6 15. Nfd5 b5 16. Bg5 Bxd5 17. Nxd5 Ned7 18. e5 dxe5 19. Nxf6+ Bxf6 20. Bxf6 Nxf6 21. Bxa8 Qxa8 22. Rxf6 Qd8 23. Ref1 bxc4 24. Rxf7 Qd4+ 25. Kh2 Rb8 26. b3 e4 27. Qh6 Qb2+ 28. R1f2 Qxf2+ 29. Rxf2 cxd3 30. Qf4 Rc8 31. Qf7+ Kh8 32. Qf6+ Kg8 33. Qe6+ Kg7 34. Qxc8 Kh6 35. Qf8+ Kh5 36. g4+ Kg5 37. Qf4+ Kh4 38. Qh6# 1-0